00653nam a22002051 45000050016000000080041000160100014000570200011000710350013000820370015000950400018001100820010001281000019001382450100001572600049002572700089003063000023003956500019004186500010004372009052708568.0710622s1966 enka 000 0 eng  aENG-93755 c398.00 aEN-77288 bDBAD / PUB adplbEnglish  a332.4 aDesai, Vasant  aFinancial markets and financial services:cby Vasant Desai bensuring growth, enhancing value / aNew Delhi bHimalaya Publishing House c2009 aPooja Apartment, 4-B, Murari Lal Street, Ansari Road, Daryaganj bNew Delhi e110002 a600p. c30cm(pbk)  aCapital market aMoney